| 000 | 01248cam a22003493a 4500 | ||
|---|---|---|---|
| 001 | 20618 | ||
| 003 | PGUSA | ||
| 005 | 20140828083435.0 | ||
| 008 | 070218s2007||||xxu|||||s|||||000 1 eng d | ||
| 040 |
_aPGUSA _beng |
||
| 042 | _adc | ||
| 050 | 4 | _aPZ | |
| 100 | 1 |
_aStratemeyer, Edward, _d1862-1930 |
|
| 245 | 1 | 4 |
_aThe Boy Land Boomer : _bOr, Dick Arbuckle's Adventures in Oklahoma _h[electronic resource] / _cEdward Stratemeyer |
| 260 |
_bProject Gutenberg, _c2007 |
||
| 506 | _aPublic domain in the USA. | ||
| 516 | _aElectronic text | ||
| 653 | _aFathers and sons -- Juvenile fiction | ||
| 653 | _aYouth -- Conduct of life -- Juvenile fiction | ||
| 653 | _aConduct of life -- Juvenile fiction | ||
| 653 | _aScouting (Reconnaissance) -- Juvenile fiction | ||
| 653 | _aIndians of North America -- Juvenile fiction | ||
| 653 | _aSwindlers and swindling -- Juvenile fiction | ||
| 653 | _aAdventure stories | ||
| 653 | _aOklahoma -- History -- Land Rush, 1889 -- Juvenile fiction | ||
| 653 | _aFrontier and pioneer life -- Oklahoma -- Juvenile fiction | ||
| 653 | _aSoldiers -- Juvenile fiction | ||
| 700 | 1 | _aFry, W. H. | |
| 830 | 0 |
_aProject Gutenberg _v20618 |
|
| 856 | 4 | 0 | _uhttp://www.gutenberg.org/ebooks/20618 |
| 942 | _cEB | ||
| 999 |
_c249873 _d249873 |
||